000 00620nam a2200265Ia 4500
005 20260121172227.0
008 008 260114s9999 xx 000 0 eng d
020 _a9781484265192
037 _aEBOOK
040 _aCRL
040 _beng
040 _cCRL
041 _2eng
041 _aeng
084 _qCRL
100 _aPeter S. Cohan
_91085835
245 0 _aGoliath Strikes Back
260 _bSpringer
260 _bSpringer
260 _c2020
856 _uhttps://link.springer.com/openurl?genre=book&isbn=978-1-4842-6519-2
942 _cEBOOK
999 _c1651572
_d1651572